Military helicopters / (Record no. 68147)

000 -LEADER
fixed length control field 00960cam a2200301 a 4500
001 - CONTROL NUMBER
control field 3787360
003 - CONTROL NUMBER IDENTIFIER
control field NUST - PNEC
005 - DATE AND TIME OF LATEST TRANSACTION
control field 20170116181042.0
008 - FIXED-LENGTH DATA ELEMENTS--GENERAL INFORMATION
fixed length control field 840803s1985 enka b 001 0 eng
010 ## - LIBRARY OF CONGRESS CONTROL NUMBER
LC control number 84019100
020 ## - INTERNATIONAL STANDARD BOOK NUMBER
International Standard Book Number 008029958X :
020 ## - INTERNATIONAL STANDARD BOOK NUMBER
International Standard Book Number 0080299598 (pbk.) :
040 ## - CATALOGING SOURCE
Transcribing agency LIBRARY
050 00 - LIBRARY OF CONGRESS CALL NUMBER
Classification number UG1230
Item number .M55 1985
082 00 - DEWEY DECIMAL CLASSIFICATION NUMBER
Classification number 623.746047 HAR
245 00 - TITLE STATEMENT
Title Military helicopters /
Statement of responsibility, etc. P.G. Harrison ... [et al.].
250 ## - EDITION STATEMENT
Edition statement 1st ed.
260 ## - PUBLICATION, DISTRIBUTION, ETC.
Place of publication, distribution, etc. London ;
-- Washington, D.C. :
Name of publisher, distributor, etc. Brassey's Defence Publishers,
Date of publication, distribution, etc. 1985.
300 ## - PHYSICAL DESCRIPTION
Extent xvi, 155 p. :
Other physical details ill. ;
Dimensions 26 cm.
490 1# - SERIES STATEMENT
Series statement Brassey's Battlefield weapons systems and technology series ;
Volume/sequential designation v. 11
500 ## - GENERAL NOTE
General note Includes index.
504 ## - BIBLIOGRAPHY, ETC. NOTE
Bibliography, etc. note Bibliography: p. 151.
650 #0 - SUBJECT ADDED ENTRY--TOPICAL TERM
Topical term or geographic name entry element Military helicopters.
General subdivision ME
700 1# - ADDED ENTRY--PERSONAL NAME
Personal name Harrison, P. G.
830 #0 - SERIES ADDED ENTRY--UNIFORM TITLE
Uniform title Battlefield weapons systems & technology ;
Volume/sequential designation v. 11.
906 ## - LOCAL DATA ELEMENT F, LDF (RLIN)
a 7
b cbc
c orignew
d 1
e ocip
f 19
g y-gencatlg
942 ## - ADDED ENTRY ELEMENTS (KOHA)
Source of classification or shelving scheme
Koha item type Book
Holdings
Withdrawn status Lost status Source of classification or shelving scheme Damaged status Not for loan Permanent Location Current Location Shelving location Date acquired Total Checkouts Full call number Barcode Date last seen Price effective from Koha item type
          Pakistan Navy Engineering College (PNEC) Pakistan Navy Engineering College (PNEC)       623.746047 HAR PNECLIB-019731 09/22/2015   Book
© 2023 Central Library, National University of Sciences and Technology. All Rights Reserved.